00000000nam##2200000za#4500
0019.642446
003CaOODSP
00520210624223714
007cr |||||||||||
008150407|1997||||xxc|||||o    f|0| 0 fre|d
040 |aCaOODSP|bfre
043 |an-cn---
0861 |aE100-2/4-96-1904-03F-PDF
1102 |aSecrétariat de l'ALÉNA.
24510|aRévision de la décision définitive de l'enquête antidumping sur les importations d'acier laminé à chaud originaires et en provenance du Canada : |h[ressource électronique]|bdécision définitive
260 |aOttawa - Ontario : |bSecrétariat de l'ALÉNA |cLe 16 juin 1997.
300 |a46p.|bréférences
590 |a13-21-Supp|b2013-09-16
69107|aAcier|2gcpds
69107|aArbitrage|2gcpds
69107|aDroits antidumping|2gcpds
69107|aLibre-échange|2gcpds
77508|tReview of the final antidumping duty determination in the matter of hot rolled steel sheet originating in and exported from Canada : |w(CaOODSP)9.698439
85640|ahttp://publications.gc.ca|qPDF|s154 Ko|uhttps://publications.gc.ca/collections/Collection/E100-2-4-96-1904-03F.pdf
986 |aMEX-96-1904-03